Traité élémentaire de la pile électrique / (Record no. 160632)
[ view plain ]
| 000 -LEADER | |
|---|---|
| campo de control de longitud fija | 00645nam a2200181 i 4500 |
| 001 - NÚMERO DE CONTROL | |
| campo de control | 160632 |
| 003 - IDENTIFICADOR DE NÚMERO DE CONTROL | |
| campo de control | ES-MaACL |
| 005 - FECHA Y HORA DE LA ÚLTIMA TRANSACCIÓN | |
| campo de control | 20230906212107.0 |
| 008 - DATOS DE LONGITUD FIJA--INFORMACIÓN GENERAL | |
| campo de control de longitud fija | 010206s1880 fr a |||| | fre d |
| 080 ## - NÚMERO DE LA CLASIFICACIÓN DECIMAL UNIVERSAL | |
| Número de la Clasificación Decimal Universal | 621.352 |
| 100 1# - ENTRADA PRINCIPAL--NOMBRE DE PERSONA | |
| Nombre de persona | Niaudet Breguet, Alfred. |
| 9 (RLIN) | 141854 |
| 245 10 - MENCIÓN DEL TÍTULO | |
| Título | Traité élémentaire de la pile électrique / |
| Mención de responsabilidad, etc. | par Alfred Niaudet. |
| 250 ## - MENCION DE EDICION | |
| Mención de edición | 2è éd., rev. et augm. avec 56 gravures dans le texte. |
| 260 ## - PUBLICACIÓN, DISTRIBUCIÓN, ETC. | |
| Lugar de publicación, distribución, etc. | Paris : |
| Nombre del editor, distribuidor, etc. | J. Baudry, |
| Fecha de publicación, distribución, etc. | 1880 ( |
| Fabricante | Typographie Georges Chamerot) |
| 300 ## - DESCRIPCIÓN FÍSICA | |
| Extensión | VIII, 264 p. : |
| Otras características físicas | il. ; |
| Dimensiones | 22 cm. |
| 650 04 - PUNTO DE ACCESO ADICIONAL DE MATERIA--TÉRMINO DE MATERIA | |
| Término de materia o nombre geográfico como elemento de entrada | Pilas eléctricas. |
| 9 (RLIN) | 15999 |
| 852 ## - LOCALIZACIÓN | |
| Ubicación | ES-MaACL |
| Número de control de estantería | B-12490(2) |
| Nota libre | . - Enc. hol. con otras obras |
| Estatus retirado | Estado de pérdida | Estado de daño | No para préstamo | Colección | Biblioteca de origen | Biblioteca actual | Ubicación en estantería | Fecha de adquisición | Fuente de adquisición | Total de préstamos | Signatura topográfica completa | Código de barras | Visto por última vez | Precio de reemplazo | Tipo de ítem Koha |
|---|---|---|---|---|---|---|---|---|---|---|---|---|---|---|---|
| Libros del s. XIX | Biblioteca del Ateneo de Madrid | Biblioteca del Ateneo de Madrid | Sala Pardo Bazán | 17/01/2008 | B-12490(2) | 1168193 | 23/02/2023 | 23/02/2023 | Libro impreso antiguo |
